| 000 | 00488nam a22001697a 4500 | ||
|---|---|---|---|
| 022 | _a978-969-9837-01-2 | ||
| 082 |
_a954.91 _bAFR |
||
| 100 |
_aAfrasiab _99224 |
||
| 245 | _a1971 : Facts and Fiction | ||
| 260 |
_aLahore, _bMaktab Dar ul Quran, _c2014. |
||
| 300 | _a294p. | ||
| 526 |
_a0 _b0 _c0 _d954_910000000000000_AFR |
||
| 526 |
_a0 _b0 _c0 _d954_910000000000000_AFR |
||
| 526 |
_a0 _b0 _c0 _d954_910000000000000_AFR |
||
| 526 |
_a0 _b0 _c0 _d954_910000000000000_AFR |
||
| 942 |
_2ddc _cBK |
||
| 999 |
_c553519 _d553519 |
||